[Event "ROM-ch U14"]
[Site "Calimanesti"]
[Date "2015.03.31"]
[Round "2"]
[White "Szocs, Teodor Iulian"]
[Black "Paraschiv, Paul Alexandru"]
[Result "1/2-1/2"]
[WhiteElo "2014"]
[BlackElo "1708"]
[PlyCount "48"]
[EventDate "2015.03.30"]
[EventType "swiss"]
[EventRounds "9"]
[EventCountry "ROU"]
[SourceTitle "CBM 165 Extra"]
[Source "ChessBase"]
[SourceDate "2015.04.21"]
[SourceVersion "1"]
[SourceVersionDate "2015.04.21"]
[SourceQuality "1"]

1. e4 e6 2. d4 d5 3. Nd2 Nf6 4. e5 Nfd7 5. Bd3 c5 6. c3 Nc6 7. Ne2 Qb6 8. Nf3 Be7 9. 0-0 h6 10. a3 0-0 11. b4 cxd4 12. cxd4 f6 13. exf6 Nxf6 14. Ng3 Bd7 15. Bc2 a5 16. bxa5 Nxa5 17. Ne5 Nc4 18. Nxd7 Nxd7 19. Qd3 Nf6 20. Bxh6 gxh6 21. Qg6+ Kh8 22. Qxh6+ Kg8 23. Qg5+ Kh8 24. Qh6+ Kg8 1/2-1/2

[Event "ROM-ch U14"]
[Site "Calimanesti"]
[Date "2015.03.30"]
[Round "1"]
[White "Filat, Nicolae"]
[Black "Szocs, Teodor Iulian"]
[Result "0-1"]
[WhiteElo "1587"]
[BlackElo "2014"]
[PlyCount "110"]
[EventDate "2015.03.30"]
[EventType "swiss"]
[EventRounds "9"]
[EventCountry "ROU"]
[SourceTitle "CBM 165 Extra"]
[Source "ChessBase"]
[SourceDate "2015.04.21"]
[SourceVersion "1"]
[SourceVersionDate "2015.04.21"]
[SourceQuality "1"]

1. d4 d5 2. c4 c6 3. cxd5 cxd5 4. Nc3 Nf6 5. Bf4 Nc6 6. e3 a6 7. h3 Bf5 8. Bd3 Bxd3 9. Qxd3 e6 10. Nf3 Bd6 11. Bxd6 Qxd6 12. 0-0 b5 13. e4 dxe4 14. Nxe4 Nxe4 15. Qxe4 0-0 16. Rfd1 Rfd8 17. Ng5 g6 18. Qh4 h5 19. Ne4 Qe7 20. Qxe7 Nxe7 21. Nc3 Nf5 22. d5 e5 23. g4 hxg4 24. hxg4 Nd4 25. a3 Kg7 26. Kf1 a5 27. Ne2 Rxd5 28. Nxd4 exd4 29. Ke2 Rh8 30. Kd3 f5 31. gxf5 gxf5 32. Rh1 Rxh1 33. Rxh1 Kf6 34. f4 a4 35. Rh6+ Ke7 36. Rb6 Kd7 37. Rh6 Kc7 38. Rf6 Kb7 39. Re6 Kc7 40. Rf6 Kb7 41. Re6 Ka7 42. Re5 Rxe5 43. fxe5 Kb6 44. e6 Kc6 45. e7 Kd7 46. e8Q+ Kxe8 47. Kxd4 Kd7 48. Kd5 Kc7 49. Kc5 f4 50. Kd4 Kc6 51. Ke4 Kc5 52. Kxf4 Kc4 53. Ke3 Kb3 54. Kd3 Kxb2 55. Kd2 Kxa3 0-1

[Event "ROM-ch U12"]
[Site "Calimanesti"]
[Date "2013.04.05"]
[Round "5"]
[White "Alboni, Denis Dean"]
[Black "Szocs, Teodor Iulian"]
[Result "0-1"]
[WhiteElo "1523"]
[BlackElo "1650"]
[PlyCount "36"]
[EventDate "2013.04.02"]
[EventType "swiss"]
[EventRounds "9"]
[EventCountry "ROU"]
[SourceTitle "CBM 153 Extra"]
[Source "ChessBase"]
[SourceDate "2013.04.22"]
[SourceVersion "1"]
[SourceVersionDate "2013.04.22"]
[SourceQuality "1"]

1. e4 c6 2. Nc3 d5 3. e5 Bf5 4. g3 e6 5. Bg2 c5 6. d3 Nc6 7. Nf3 a6 8. 0-0 Qc7 9. Re1 Nge7 10. Nh4 b5 11. Nxf5 Nxf5 12. f4 Qb6 13. Kh1 Rd8 14. a4 h5 15. b3 c4 16. axb5 axb5 17. g4 Ng3+ 18. hxg3 hxg4+ 0-1

[Event "ROM-ch U12"]
[Site "Calimanesti"]
[Date "2013.04.05"]
[Round "6"]
[White "Szocs, Teodor Iulian"]
[Black "Ileana, George"]
[Result "1-0"]
[WhiteElo "1650"]
[BlackElo "1826"]
[PlyCount "65"]
[EventDate "2013.04.02"]
[EventType "swiss"]
[EventRounds "9"]
[EventCountry "ROU"]
[SourceTitle "CBM 153 Extra"]
[Source "ChessBase"]
[SourceDate "2013.04.22"]
[SourceVersion "1"]
[SourceVersionDate "2013.04.22"]
[SourceQuality "1"]

1. Nf3 c5 2. b3 g6 3. Bb2 Nf6 4. e3 Bg7 5. d3 0-0 6. Be2 d5 7. Ne5 b6 8. 0-0 Bb7 9. Nd2 Nbd7 10. f4 Ne8 11. Ndf3 Nd6 12. Nxd7 Qxd7 13. Bxg7 Kxg7 14. Ne5 Qc7 15. Bg4 f6 16. Nf3 Bc8 17. Bxc8 Raxc8 18. Nh4 c4 19. f5 g5 20. Nf3 Nxf5 21. Qd2 cxb3 22. axb3 Qxc2 23. Qxc2 Rxc2 24. Ne1 Rxg2+ 25. Nxg2 Nd6 26. Rxa7 Kf7 27. Rc1 Re8 28. Rac7 b5 29. b4 Ra8 30. Rd7 Ra3 31. Rcc7 Rxd3 32. Rxe7+ Kg6 33. e4 1-0

[Event "ROM-ch U12"]
[Site "Calimanesti"]
[Date "2013.04.03"]
[Round "3"]
[White "Axin, Andrei"]
[Black "Szocs, Teodor Iulian"]
[Result "1-0"]
[WhiteElo "1428"]
[BlackElo "1650"]
[PlyCount "125"]
[EventDate "2013.04.02"]
[EventType "swiss"]
[EventRounds "9"]
[EventCountry "ROU"]
[SourceTitle "CBM 153 Extra"]
[Source "ChessBase"]
[SourceDate "2013.04.22"]
[SourceVersion "1"]
[SourceVersionDate "2013.04.22"]
[SourceQuality "1"]

1. e4 c6 2. d4 d5 3. Nc3 dxe4 4. Nxe4 Bf5 5. Ng3 Bg6 6. h4 h6 7. Nf3 Nd7 8. h5 Bh7 9. Bd3 Bxd3 10. Qxd3 e6 11. Bf4 Ngf6 12. 0-0-0 b5 13. Ne4 Nxe4 14. Qxe4 Qb6 15. Ne5 Nxe5 16. dxe5 Bc5 17. f3 a5 18. Rhe1 Ke7 19. Be3 Bxe3+ 20. Rxe3 Rhd8 21. Red3 Rd5 22. Qg4 Kf8 23. Qe4 Rad8 24. Rxd5 cxd5 25. Qd3 Qc5 26. g4 Rc8 27. f4 Qc4 28. Qxc4 Rxc4 29. Rf1 Re4 30. Kd2 Ke7 31. Kd3 f6 32. exf6+ gxf6 33. a3 Kd6 34. c3 Ke7 35. Rf2 e5 36. fxe5 fxe5 37. Rg2 Kf6 38. Rf2+ Kg5 39. Rf8 Rxg4 40. Rb8 Rg3+ 41. Kd2 Rg2+ 42. Kc1 Kxh5 43. Rxb5 Kg5 44. Rxd5 Kf4 45. Rd1 h5 46. c4 e4 47. c5 e3 48. b4 axb4 49. axb4 e2 50. Re1 Ke3 51. Kc2 Kf2 52. Kd2 Kf3 53. c6 Rg4 54. Rxe2 Rxb4 55. c7 Rc4 56. Re3+ Kf4 57. Rc3 Rxc7 58. Rxc7 h4 59. Ke1 Kg3 60. Kf1 Kh2 61. Kf2 h3 62. Rh7 Kh1 63. Rxh3# 1-0